000 00386nam a2200157Ia 4500
008 221030s9999 xx 000 0 und d
020 _a81200313585
041 _aEnglish
082 _a105.23
_bMit
100 _aM. Mitchell
245 3 _aAn Introduction To Genetic Algorithms
_cby M. Mitchell
260 _bPHI
_aNew Delhi
_c2005
300 _a209
650 _aComputers
942 _cBK
999 _c2764
_d2764